[Event "Karshi op 3rd"]
[Site "Karshi"]
[Date "2025.05.11"]
[Round "9"]
[White "Nematov, Tokhir"]
[Black "Elmirzaev, Khondamir"]
[Result "1-0"]
[WhiteElo "1983"]
[BlackElo "2080"]
[PlyCount "43"]
[EventDate "2025.05.05"]
[EventType "swiss"]
[EventRounds "9"]
[EventCountry "UZB"]
[SourceTitle "CB20_2025"]
[SourceDate "2025.05.14"]
[SourceVersion "1"]
[SourceVersionDate "2025.05.14"]
[SourceQuality "1"]

1. d4 Nf6 2. Bf4 e6 3. e3 c5 4. Nf3 Nc6 5. c3 d5 6. Nbd2 Bd6 7. Bg3 0-0 8. Bb5 Ne7 9. Bd3 b6 10. e4 Bxg3 11. hxg3 g6 12. e5 Ne8 13. Ng5 h5 14. Nh7 Nf5 15. Nxf8 Kxf8 16. g4 hxg4 17. Qxg4 Ke7 18. Rh7 Kf8 19. Rh8+ Ke7 20. Bb5 Bd7 21. Qg5+ f6 22. Rh7+ 1-0

[Event "Karshi op 3rd"]
[Site "Karshi"]
[Date "2025.05.10"]
[Round "8"]
[White "Umarov, Bekhruz"]
[Black "Nematov, Tokhir"]
[Result "1/2-1/2"]
[WhiteElo "2119"]
[BlackElo "1983"]
[PlyCount "132"]
[EventDate "2025.05.05"]
[EventType "swiss"]
[EventRounds "9"]
[EventCountry "UZB"]
[SourceTitle "CB20_2025"]
[SourceDate "2025.05.14"]
[SourceVersion "1"]
[SourceVersionDate "2025.05.14"]
[SourceQuality "1"]

1. Nf3 Nf6 2. c4 e6 3. g3 b6 4. Bg2 Bb7 5. 0-0 Be7 6. Nc3 0-0 7. d4 d5 8. Ne5 Nbd7 9. Qa4 c5 10. cxd5 cxd4 11. Nxd7 Qxd7 12. Qxd7 Nxd7 13. Nb5 Bxd5 14. Bxd5 exd5 15. Rd1 Bf6 16. Nxd4 Rac8 17. b3 Rfe8 18. Be3 Ne5 19. h3 Nc6 20. Nxc6 Rxc6 21. Rac1 Rxc1 22. Rxc1 d4 23. Bd2 h5 24. Kf1 Re7 25. Rc6 Rd7 26. Ke1 Kh7 27. Kd1 Re7 28. Bb4 Re6 29. Rxe6 fxe6 30. Kc2 Kg6 31. Kd3 Kf5 32. f3 e5 33. Bd2 b5 34. g4+ hxg4 35. hxg4+ Ke6 36. g5 Be7 37. Ke4 g6 38. f4 Bd6 39. fxe5 Bxe5 40. Bb4 a6 41. Bc5 Bc7 42. Bxd4 Bd6 43. Bf6 Bc5 44. Bd8 Bd6 45. Kd4 Bb4 46. e4 Bd6 47. Bf6 Ba3 48. Kd3 Bc5 49. Kc3 Bd6 50. a4 Bc5 51. Kd3 Bd6 52. Bc3 Be7 53. Bd2 Ke5 54. Be3 Bd8 55. Bd4+ Ke6 56. Be3 Ke5 57. Bd2 Be7 58. Bc1 Bd8 59. axb5 axb5 60. Kc3 Ba5+ 61. Kd3 Bd8 62. Bb2+ Ke6 63. Kd4 Bb6+ 64. Kc3 Ba5+ 65. Kd3 Bd8 66. Bc1 Ke5 1/2-1/2

[Event "Karshi op 3rd"]
[Site "Karshi"]
[Date "2025.05.08"]
[Round "6"]
[White "Orozbaev, Eldiar"]
[Black "Nematov, Tokhir"]
[Result "1-0"]
[WhiteElo "2380"]
[BlackElo "1983"]
[PlyCount "65"]
[EventDate "2025.05.05"]
[EventType "swiss"]
[EventRounds "9"]
[EventCountry "UZB"]
[SourceTitle "CB20_2025"]
[SourceDate "2025.05.14"]
[SourceVersion "1"]
[SourceVersionDate "2025.05.14"]
[SourceQuality "1"]

1. e4 c5 2. c3 Nf6 3. e5 Nd5 4. Nf3 e6 5. d4 cxd4 6. Qxd4 Nc6 7. Qe4 f5 8. Qe2 Be7 9. c4 Nb6 10. Nc3 0-0 11. h4 h6 12. Bf4 Na5 13. c5 Nd5 14. Nxd5 exd5 15. Qd2 Nc6 16. Qxd5+ Kh8 17. Rc1 b6 18. b4 Bb7 19. Qd2 a5 20. b5 Nb4 21. Bc4 Bxc5 22. a3 Be4 23. Kf1 Nc2 24. Rxc2 Bxc2 25. Qxc2 Bxa3 26. Qd3 Rc8 27. Ke2 Qc7 28. Bd5 Qc2+ 29. Nd2 Rc3 30. Qxc2 Rxc2 31. Kd3 Rfc8 32. Nc4 Rxf2 33. Be3 1-0

[Event "Korumdu Issykkul op-B"]
[Site "Korumdu"]
[Date "2024.06.26"]
[Round "9"]
[White "Nematov, Tokhir"]
[Black "Momyn, Madina"]
[Result "1-0"]
[WhiteElo "1869"]
[BlackElo "1717"]
[PlyCount "74"]
[EventDate "2024.06.22"]
[EventType "swiss"]
[EventRounds "10"]
[EventCountry "KGZ"]
[SourceTitle "EXT 2025"]
[Source "ChessBase"]
[SourceDate "2024.10.14"]
[SourceVersion "1"]
[SourceVersionDate "2024.10.14"]
[SourceQuality "1"]

1. d4 Nf6 2. Bf4 g6 3. e3 Bg7 4. Nf3 d6 5. Be2 Nbd7 6. 0-0 0-0 7. h3 c5 8. c3 a6 9. a4 b6 10. Nbd2 Bb7 11. Nc4 b5 12. Na3 b4 13. cxb4 cxb4 14. Nc4 a5 15. Nfd2 Nd5 16. Bg3 N7b6 17. Bf3 Nxc4 18. Nxc4 Rc8 19. Qb3 Ba8 20. Nxd6 Nxe3 21. Nxf7 Bd5 22. Nxd8 Bxb3 23. fxe3 Rfxd8 24. Rfc1 Bh6 25. Kf2 Rxc1 26. Rxc1 Bxa4 27. Rc5 Bb3 28. Rxa5 Rc8 29. Rc5 Rf8 30. Ke2 Bf7 31. Kd3 Be6 32. Rb5 Bxh3 33. Rxb4 Bg5 34. Bd5+ e6 35. Bf3 h5 36. Rb8 Kh7 37. Kc4 Rh8 1-0

[Event "Korumdu Issykkul op-B"]
[Site "Korumdu"]
[Date "2024.06.23"]
[Round "3"]
[White "Nematov, Tokhir"]
[Black "Azimov, Aslan"]
[Result "0-1"]
[WhiteElo "1869"]
[BlackElo "1715"]
[PlyCount "89"]
[EventDate "2024.06.22"]
[EventType "swiss"]
[EventRounds "10"]
[EventCountry "KGZ"]
[SourceTitle "EXT 2025"]
[Source "ChessBase"]
[SourceDate "2024.10.14"]
[SourceVersion "1"]
[SourceVersionDate "2024.10.14"]
[SourceQuality "1"]

1. d4 d5 2. Bf4 Nf6 3. e3 e6 4. Nf3 Bd6 5. Bg3 c5 6. c3 Qc7 7. Nbd2 Nbd7 8. Bb5 0-0 9. dxc5 Nxc5 10. Bxd6 Qxd6 11. 0-0 Qb6 12. a4 a6 13. b4 axb5 14. bxc5 Qxc5 15. axb5 Rxa1 16. Qxa1 Qxb5 17. Ne5 Qc5 18. Rb1 Qc7 19. c4 dxc4 20. Ndxc4 Bd7 21. Qa7 Bc6 22. Nxc6 Qxc6 23. Na5 Qa4 24. Qb6 Nd5 25. Qb5 Qxb5 26. Rxb5 b6 27. e4 bxa5 28. exd5 Ra8 29. dxe6 fxe6 30. Rb3 a4 31. Ra3 Kf7 32. f4 Ke7 33. Kf2 Kd6 34. Ke3 Kc5 35. Ke4 Kb4 36. Ra1 a3 37. Ke5 Ra6 38. g4 Kb3 39. h4 Kb2 40. Rd1 a2 41. h5 a1Q 42. Rxa1 Kxa1 43. g5 Kb2 44. h6 gxh6 45. gxh6 0-1

[Event "Korumdu Issykkul op-B"]
[Site "Korumdu"]
[Date "2024.06.22"]
[Round "1"]
[White "Nematov, Tokhir"]
[Black "Zharkenova, Safiya"]
[Result "1-0"]
[WhiteElo "1869"]
[BlackElo "1440"]
[PlyCount "97"]
[EventDate "2024.06.22"]
[EventType "swiss"]
[EventRounds "10"]
[EventCountry "KGZ"]
[SourceTitle "EXT 2025"]
[Source "ChessBase"]
[SourceDate "2024.10.14"]
[SourceVersion "1"]
[SourceVersionDate "2024.10.14"]
[SourceQuality "1"]

1. d4 d5 2. Bf4 Nf6 3. e3 e6 4. Nf3 Be7 5. Bd3 0-0 6. Nbd2 Nbd7 7. Ne5 a6 8. Qf3 c5 9. c3 cxd4 10. exd4 Nxe5 11. dxe5 Nd7 12. Qh3 f5 13. exf6 Nxf6 14. Be5 h6 15. Qg3 Nh5 16. Qg6 Nf6 17. 0-0 Bd7 18. Nf3 Be8 19. Qg3 Qb6 20. Nd4 Bd7 21. Rfe1 Qxb2 22. Rab1 Qxa2 23. Ra1 Qd2 24. Bf4 Qb2 25. Reb1 Qxa1 26. Rxa1 Nh5 27. Qe3 Nxf4 28. Bf1 Bc5 29. Qe5 Bxd4 30. cxd4 Ng6 31. Qd6 Rfd8 32. g3 a5 33. Qb6 a4 34. Bb5 Nf8 35. Rxa4 Rxa4 36. Bxa4 Bxa4 37. Qxd8 b5 38. Qb8 Kf7 39. Qb7+ Kf6 40. f3 Nh7 41. h4 h5 42. Kf2 Nf8 43. g4 hxg4 44. fxg4 Ng6 45. Kg3 Nf8 46. g5+ Kg6 47. h5+ Kxh5 48. Qxg7 Ng6 49. Qh6# 1-0